Statistics for World Capitals Closest to Paris - 30 Second Sprint

Click here to take the quiz!

General Stats

  • This quiz has been taken 35 times
  • The average score is 11 of 20

Answer Stats

kmcapitalmiles% Correct
268Brussels166
90%
341London212
90%
1053Madrid654
90%
430Amsterdam267
80%
880Berlin547
80%
438Bern272
77%
289Luxembourg180
73%
1108Rome688
73%
692Monaco430
70%
779Dublin484
60%
1037Vienna645
50%
710Andorra la Vella441
47%
1028Copenhagen639
47%
886Prague550
37%
569Vaduz354
37%
950San Marino590
33%
1106Vatican City687
27%
967Ljubljana601
10%
1092Bratislava679
7%
1083Zagreb673
7%

Score Distribution

Percentile by Number Answered

Percent of People with Each Score

Your Score History

You have not taken this quiz